The bostonians

में बचाया:
ग्रंथसूची विवरण
मुख्य लेखक: Henry James
स्वरूप: पुस्तक
भाषा:Undetermined
प्रकाशित: New York Everyman's Library 1992
विषय:
टैग : टैग जोड़ें
कोई टैग नहीं, इस रिकॉर्ड को टैग करने वाले पहले व्यक्ति बनें!
Thư viện lưu trữ: Trung tâm Học liệu Trường Đại học Cần Thơ
LEADER 00442nam a2200169Ia 4500
001 CTU_13683
008 210402s9999 xx 000 0 und d
082 |a 813.4 
082 |b J28 
100 |a Henry James 
245 4 |a The bostonians 
245 0 |c Henry James 
260 |a New York 
260 |b Everyman's Library 
260 |c 1992 
650 |a american fiction - 19th century 
980 |a Trung tâm Học liệu Trường Đại học Cần Thơ